| 000 | 00513nam a2200157 i 4500 | ||
|---|---|---|---|
| 001 | 86622 | ||
| 003 | ES-MaACL | ||
| 005 | 20230906175505.0 | ||
| 007 | t| | ||
| 008 | 041214s1977 cc ||||1| spa d | ||
| 100 | 1 |
_aKim Il Sung. _968035 |
|
| 245 | 1 | 0 |
_aEntrevista econ el redactor jefe del periódico japonés Yomiurishimbun, 23 de abril de 1977 / _cKim Il Sung. |
| 260 |
_aPyongyang : _bEdiciones en Lenguas Extranjeras, _c1977. |
||
| 300 |
_a15 p., 1 lám. ; _c19 cm. |
||
| 852 |
_aES-MaACL _j2090-F-31 _bR.96362 |
||
| 999 |
_c86622 _d86622 |
||